000 00728nam a2200229Ia 4500
003 OSt
005 20230715114140.0
008 210716s2019 xx 000 0 und d
020 _a9788352806461
040 _cAIMIT LIBRARY
041 _aeng
082 _a338.927
_21
_bOSSM
100 _aOssewaarde, Martin J.
_9127172
245 _aIntroduction to suatainable development /
_cBy Maryin J Ossewaarde.
250 _a1st ed.
260 _aNew Delhi :
_bSage Publications ,
_c2019.
300 _axxv,265,I-7p. ;
_bPB
_c23.7 cm
650 _aThe case for sustainable development
_9127173
650 _aStakeholders and tools
_9127174
650 _aKey Areas for the transition
_9127175
942 _2ddc
_cBK
_e1st
_k338.927 OSSM
999 _c211146
_d211146